000 00445nam a2200193Ia 4500
005 20240823053235.0
008 240823s9999||||xx |||||||||||||| ||und||
020 _a978-932-960-442
041 _aENGLISH
082 _A691 Q2
100 _aBhavikatti S S
245 0 _aBuilding Materials
250 _a1st
260 _c2012
_bVikas Publishing
500 _aYES
650 _aBuilding Materials
_bCivil
942 _cBK
999 _c223720
_d223720